| 000 | 00477nam a22001697a 4500 | ||
|---|---|---|---|
| 003 | CL-SaCFP | ||
| 005 | 20251224113043.0 | ||
| 008 | 251224b |||||||| |||| 00| 0 spa d | ||
| 020 | _a 9788425207396 | ||
| 040 | _cCL | ||
| 100 |
_aSaechtling, Hansjürgen _96914 |
||
| 245 | _aLos plásticos en la construcción | ||
| 250 | _aVersión castellana de Luis Asensio | ||
| 260 |
_aBarcelona _bGustavo Gili _c1978 |
||
| 300 |
_a256 p. _b Ilustraciones _c25 cm |
||
| 942 |
_2ddc _cLIBRO |
||
| 999 |
_c16311 _d16311 |
||